000 00761nam a2200217 i 4500
001 44828
003 ES-MaACL
005 20250809035211.0
007 t|
008 030324s1850 sp ||||1| spa d
080 _a343(460)"1850"(094.4)
245 0 0 _aCódigo penal de España
_b: refundido por la nueva ley de 30 de junio de este año y dispuesto en forma de diálogo /
_cpor Pedro Carrillo y Sánchez.
260 _aMadrid :
_bE. Aguado,
_c1850.
300 _a189 p. ;
_c21 cm.
610 1 4 _aEspaña.
_tCódigo penal, 1850.
_9152602
650 4 _aDerecho penal-
_zEspaña
_911752
700 1 _aCarrillo y Sánchez, Pedro.
_935784
710 1 _aEspaña.
_tCódigo penal, 1850.
_9152602
852 4 _aES-MaACL
_jD-1182
999 _c44828
_d44828